De todo corazón: 111 poemas de amor
保存先:
| 第一著者: | |
|---|---|
| フォーマット: | 図書 |
| 言語: | スペイン語 |
| 出版事項: |
Madrid
SM
2002
|
| 版: | 8a. ed |
| シリーズ: | El Barco de Vapor, 115
|
| 主題: | |
| タグ: |
タグ追加
タグなし, このレコードへの初めてのタグを付けませんか!
|
MARC
| LEADER | 00000nam a2200000 a 4500 | ||
|---|---|---|---|
| 001 | UCH9767 | ||
| 003 | CL-VaPUC | ||
| 008 | 100121e20020200SP |||||||||||||||||spa|d | ||
| 020 | |a 8434867338 | ||
| 082 | 0 | 4 | |a 861.09 |b PLA |2 21 |
| 100 | 0 | |a Plaza, José María |e author |9 547028 | |
| 245 | 1 | 0 | |a De todo corazón: 111 poemas de amor |
| 250 | |a 8a. ed | ||
| 300 | |a 206 p | ||
| 942 | |c BK | ||
| 945 | |d 20100121 00:00:00 |a dcastane | ||
| 260 | |a Madrid |b SM |c 2002 | ||
| 650 | 7 | |a POESIA HISPANOAMERICANA |2 CL-VaPUC |9 267889 | |
| 650 | 0 | |a Poemas de amor |9 547029 | |
| 583 | |a last modification |c 20100121 00:00:00 |k Rodrigo Vera | ||
| 490 | 0 | |a El Barco de Vapor, 115 | |
| 999 | |c 339656 |d 339654 | ||